Eastern Utah Libraries Catalog: Duchesne, Heber, Roosevelt, & Vernal

The birdcage (Record no. 264522)

MARC details
000 -LEADER
fixed length control field 03413ngm a2200685Ia 4500
001 - CONTROL NUMBER
control field ocm38251432
003 - CONTROL NUMBER IDENTIFIER
control field OCoLC
005 - DATE AND TIME OF LATEST TRANSACTION
control field 20200320181641.0
007 - PHYSICAL DESCRIPTION FIXED FIELD--GENERAL INFORMATION
fixed length control field vd cvaizq
008 - FIXED-LENGTH DATA ELEMENTS--GENERAL INFORMATION
fixed length control field 980123s1996 cau119 g vleng d
020 ## - INTERNATIONAL STANDARD BOOK NUMBER
International Standard Book Number 0792833198
020 ## - INTERNATIONAL STANDARD BOOK NUMBER
International Standard Book Number 9780792833192
020 ## - INTERNATIONAL STANDARD BOOK NUMBER
Terms of availability 15.95
024 1# - OTHER STANDARD IDENTIFIER
Canceled/invalid standard number or code 2761660339
028 42 - PUBLISHER NUMBER
Publisher number 906033
Source MGM Home Entertainment
035 ## - SYSTEM CONTROL NUMBER
System control number (OCoLC)38251432
040 ## - CATALOGING SOURCE
Original cataloging agency MCP
Transcribing agency MCP
Modifying agency OLN
-- ONU
-- LEO
-- OCLCQ
-- WCM
-- OCLCQ
-- WACOL
041 0# - LANGUAGE CODE
Language code of text/sound track or separate title eng
-- fre
-- spa
Language code of summary or abstract/overprinted title or subtitle eng
-- fre
-- spa
043 ## - GEOGRAPHIC AREA CODE
Geographic area code n-us-fl
049 ## - LOCAL HOLDINGS (OCLC)
Holding library WACL
050 #4 - LIBRARY OF CONGRESS CALL NUMBER
Classification number PN1995.9.C55
Item number .B58 1996
082 04 - DEWEY DECIMAL CLASSIFICATION NUMBER
Classification number 791.4372
Item number B61752
092 ## - LOCALLY ASSIGNED DEWEY CALL NUMBER (OCLC)
Classification number DVD
Item number Bir
245 04 - TITLE STATEMENT
Title The birdcage
Medium [videorecording] /
Statement of responsibility, etc an Icarus production ; United Artists Pictures ; directed and produced by Mike Nichols ; screenplay by Elaine May.
246 3# - VARYING FORM OF TITLE
Title proper/short title Bird cage
260 ## - PUBLICATION, DISTRIBUTION, ETC. (IMPRINT)
Place of publication, distribution, etc Santa Monica, CA :
Name of publisher, distributor, etc MGM Home Entertainment,
Date of publication, distribution, etc c1996.
300 ## - PHYSICAL DESCRIPTION
Extent 1 videodisc (119 min.) :
Other physical details sd., col. ;
Dimensions 4 3/4 in.
538 ## - SYSTEM DETAILS NOTE
System details note DVD; Dolby digital 5.1 surround (English) or stereo. surround (French and Spanish).
546 ## - LANGUAGE NOTE
Language note Closed captioned.
546 ## - LANGUAGE NOTE
Language note English, French and Spanish soundtracks; with English, French and Spanish language subtitles.
511 1# - PARTICIPANT OR PERFORMER NOTE
Participant or performer note Robin Williams, Nathan Lane, Gene Hackman, Dianne Wiest, Dan Futterman, Calista Flockhart, Hank Azaria, Christine Baranski.
508 ## - CREATION/PRODUCTION CREDITS NOTE
Creation/production credits note Executive producers, Neil Machlis, Marcello Danon ; director of photography, Emmanuel Lubezki ; editor, Arthur Schmidt ; music arranger and adaptor, Jonathan Tunick.
500 ## - GENERAL NOTE
General note Based on the stage play La cage aux folles by Jean Poiret and the motion picture La cage aux folles, directed by Francis Veber.
500 ## - GENERAL NOTE
General note Presented in both widescreen (16x9) and standard (pan & scan) versions.
521 8# - TARGET AUDIENCE NOTE
Target audience note Rated R.
520 ## - SUMMARY, ETC.
Summary, etc The story of a middle-aged gay couple's comic encounter with a self-righteously straight and conservative family: Armand and Albert reluctantly accept young Val's intention to marry the daughter of a conservative Senator, but when the fiancee's family comes to visit, the whole household is turned upside down.
500 ## - GENERAL NOTE
General note Special features: 8-p. booklet featuring trivia, production notes and a revealing look at the making of the film; original theatrical trailer.
650 #0 - SUBJECT ADDED ENTRY--TOPICAL TERM
Topical term or geographic name as entry element Feature films.
9 (RLIN) 5836995
655 #0 - INDEX TERM--GENRE/FORM
Genre/form data or focus term Feature films.
9 (RLIN) 5836996
655 #0 - INDEX TERM--GENRE/FORM
Genre/form data or focus term Comedy films.
9 (RLIN) 102658
655 #0 - INDEX TERM--GENRE/FORM
Genre/form data or focus term Video recordings for the hearing impaired.
9 (RLIN) 5836997
650 #0 - SUBJECT ADDED ENTRY--TOPICAL TERM
Topical term or geographic name as entry element Gay couples
Geographic subdivision Florida
-- Miami Beach
Form subdivision Drama.
9 (RLIN) 5836998
650 #0 - SUBJECT ADDED ENTRY--TOPICAL TERM
Topical term or geographic name as entry element Fathers and sons
Geographic subdivision Florida
-- Miami Beach
Form subdivision Drama.
9 (RLIN) 5836999
650 #0 - SUBJECT ADDED ENTRY--TOPICAL TERM
Topical term or geographic name as entry element Video recordings for the hearing impaired.
9 (RLIN) 100348
650 #0 - SUBJECT ADDED ENTRY--TOPICAL TERM
Topical term or geographic name as entry element Film adaptations.
9 (RLIN) 83931
700 1# - ADDED ENTRY--PERSONAL NAME
Personal name Nichols, Mike.
Relator code pro
-- drt
9 (RLIN) 18273
700 1# - ADDED ENTRY--PERSONAL NAME
Personal name May, Elaine,
Dates associated with a name 1932-
Relator code aus
9 (RLIN) 5837000
700 1# - ADDED ENTRY--PERSONAL NAME
Personal name Williams, Robin,
Dates associated with a name 1952 July 21-
Relator code act
9 (RLIN) 48605
700 1# - ADDED ENTRY--PERSONAL NAME
Personal name Lane, Nathan,
Dates associated with a name 1956-
Relator code act
9 (RLIN) 44161
700 1# - ADDED ENTRY--PERSONAL NAME
Personal name Hackman, Gene.
Relator code act
9 (RLIN) 30419
700 1# - ADDED ENTRY--PERSONAL NAME
Personal name Wiest, Dianne.
Relator code act
9 (RLIN) 23734
700 1# - ADDED ENTRY--PERSONAL NAME
Personal name Baranski, Christine.
Relator code act
9 (RLIN) 61135
700 1# - ADDED ENTRY--PERSONAL NAME
Personal name Poiret, Jean,
Dates associated with a name 1926-
Title of a work Cage aux folles.
9 (RLIN) 5837001
710 2# - ADDED ENTRY--CORPORATE NAME
Corporate name or jurisdiction name as entry element United Artists Corporation.
9 (RLIN) 3998
710 2# - ADDED ENTRY--CORPORATE NAME
Corporate name or jurisdiction name as entry element MGM Home Entertainment Inc.
9 (RLIN) 64163
942 ## - ADDED ENTRY ELEMENTS (KOHA)
Koha item type DVD
948 ## - LOCAL PROCESSING INFORMATION (OCLC); SERIES PART DESIGNATOR (RLIN)
Series part designator, SPT (RLIN) 04/04/2007
z (OCLC) Sirsi
994 ## -
-- 02
-- WACOL
996 ## -
-- 54803
-- 34301000648222
-- DVD
-- DVD
-- wcl
-- i
-- 96
-- 9.95
-- Gift
-- Bir
-- 04/04/2007
-- 03/17/2020
-- 03/11/2020
Holdings
Withdrawn status Lost status Source of classification or shelving scheme Damaged status Not for loan Collection code Home library Current library Shelving location Date acquired Source of acquisition Cost, normal purchase price Total Checkouts Total Renewals Full call number Barcode Date last seen Date checked out Cost, replacement price Price effective from Koha item type
    Dewey Decimal Classification     Movies Wasatch County Library Wasatch County Library Audio Visual Area 04/04/2007 Donation 9.95 100 4 DVD Bir 34301000648222 05/21/2025 05/15/2025 9.95 03/20/2020 DVD
This project was made possible through a grant from the Institute of Museum and Library Service administered by the Utah State Library Division.

Wasatch County Library

  • 465 East 1200 South, Heber City, Utah 84032
  • Phone 435-654-1511 | Fax 435-654-6456

Hours

  • Monday - Friday 9:30 AM - 8:00 PM
  • Saturday 9:30 AM - 1:30 PM
  • Closed Sundays and Holidays